| 000 | 00830nam1a22002291i 4500 | ||
|---|---|---|---|
| 001 | rc\412569 | ||
| 005 | 20240921200020.0 | ||
| 010 |
_a5280003530 _9100000 |
||
| 035 | _a(NLR Aleph) 005815571 | ||
| 090 |
_a5427274 _c5427274 |
||
| 100 | _a20030616d1988 u |0rusy50 ca | ||
| 101 | 0 | _arus | |
| 102 | _aRU | ||
| 105 | _ay ||||||||| | ||
| 200 | 1 |
_aИзбранные произведения _eВ 2 т. _eПер. с исп. _fМигель Анхель Астуриас _g[Предисл. Л. Осповата, с. 5-24 _gКоммент. Г. Ершовой] |
|
| 210 |
_aМ. _cХудож. лит. _d1988 |
||
| 215 | _d21 | ||
| 700 | 1 |
_7ca _8rus _aАстуриас _bМ. А. _f1899-1974 _gМигель Анхель _9261109 _3RU\NLR\AUTH\770261165 |
|
| 801 | 0 |
_aRU _bNLR _gpsbo |
|
| 801 | 1 |
_aRU _bELAR _2rusmarc |
|
| 852 |
_aNLR _j88-3/3746 |
||
| 942 | _cBOOK | ||